| 000 | 00735nam a22002292 4500 | ||
|---|---|---|---|
| 001 | 0000020450 | ||
| 005 | 20151217154441.0 | ||
| 008 | 110919s xx 000 0 eng d | ||
| 020 | _a1412970570 : | ||
| 040 |
_aKABU _cKABU |
||
| 245 | 1 | 0 |
_aCritical issues in crime and justice : _bthought, policy, and practice / _cMary Maguire, Dan Okada; edotors. |
| 250 | _a1st ed. | ||
| 260 |
_aLondon : _bSAGE, _c2011. |
||
| 300 | _axv, 377 p. | ||
| 650 | 0 |
_aCriminal justice, Administration of. _@0000179799 |
|
| 650 | 0 |
_aCriminology. _@0000153132 |
|
| 700 | 1 |
_aMaguire, Mary. _@0000180709 |
|
| 700 | 1 |
_aOkada, Dan. _@0000180710 |
|
| 852 | 1 | _9p4764.70 KES | |
| 908 | _a110919 | ||
| 950 | _@1 | ||
| 999 |
_c11360 _d11360 |
||